LEADER 00905nam0-2200289---450- 001 990008507920403321 005 20070903152447.0 035 $a000850792 035 $aFED01000850792 035 $a(Aleph)000850792FED01 035 $a000850792 100 $a20070508d1972----km-y0itay50------ba 101 0 $ager 102 $aDE 105 $ay-------001yy 200 1 $aErfahrung als Rechtsquelle$eAbduktion und Falsifikation von Hypothesen im juristischen Entscheidungsprozess$eeine Fallstudie aus dem Kartellstrafrecht$fKlaus Lüderssen 210 $aFrankfurt am Main$cSuhrkamp$dİ1972 215 $a259 p.$d24 cm 676 $a340.1$v20$zita 700 1$aLüderssen,$bKlaus$f<1932- >$0414202 801 0$aIT$bUNINA$gRICA$2UNIMARC 901 $aBK 912 $a990008507920403321 952 $aXI D L 17$b2994$fDFD 959 $aDFD 996 $aErfahrung als rechtsquelle$9276357 997 $aUNINA LEADER 00778nam a2200229 i 4500 001 991001644179707536 008 030528s2000 it 000 0 ita d 020 $a8873036465 035 $ab12176667-39ule_inst 040 $aDip.to Studi Giuridici$bita 082 0 $a364.16 100 1 $aStrano, Marco$028543 245 10$aComputer crime /$bMarco Strano 260 $aMilano :$bApogeo,$cc2000 300 $axxxii, 319 p. ;$c21 cm 650 4$aCriminalità informatica 907 $a.b12176667$b02-04-14$c28-05-03 912 $a991001644179707536 945 $aLE027 364.16 STR01.01$g0$i2027000040858$lle027$o-$pE20.14$q-$rl$s- $t0$u16$v10$w16$x0$y.i12525728$z28-05-03 996 $aComputer crime$9145086 997 $aUNISALENTO 998 $ale027$b21-05-03$cm$da $e-$fita$git $h0$i0